History of Italian Renaissance art : (Record no. 5838)

MARC details
000 -LEADER
fixed length control field 01446pam a2200373 a 4500
001 - CONTROL NUMBER
control field 1104930
003 - CONTROL NUMBER IDENTIFIER
control field OSt
005 - DATE AND TIME OF LATEST TRANSACTION
control field 20260428170500.0
008 - FIXED-LENGTH DATA ELEMENTS--GENERAL INFORMATION
fixed length control field 930318s1994 njua b 001 0 eng
010 ## - LIBRARY OF CONGRESS CONTROL NUMBER
LC control number 93001145
020 ## - INTERNATIONAL STANDARD BOOK NUMBER
International Standard Book Number 0131197142
020 ## - INTERNATIONAL STANDARD BOOK NUMBER
International Standard Book Number 0131197142
035 ## - SYSTEM CONTROL NUMBER
System control number 1104930
040 ## - CATALOGING SOURCE
Original cataloging agency DLC
Transcribing agency Foundation University
Modifying agency Foundation University
043 ## - GEOGRAPHIC AREA CODE
Geographic area code e-it---
050 00 - LIBRARY OF CONGRESS CALL NUMBER
Classification number N6915
Item number .H37 1987
100 1# - MAIN ENTRY--PERSONAL NAME
Personal name Hartt, Frederick.
9 (RLIN) 15770
245 10 - TITLE STATEMENT
Title History of Italian Renaissance art :
Remainder of title painting, sculpture, architecture /
Statement of responsibility, etc. Frederick Hartt.
250 ## - EDITION STATEMENT
Edition statement 4th ed. /
Remainder of edition statement rev. by David G. Wilkins.
260 ## - PUBLICATION, DISTRIBUTION, ETC.
Place of publication, distribution, etc. Englewood Cliff, N.J. :
Name of publisher, distributor, etc. Prentice Hall ;
Place of publication, distribution, etc. New York :
Name of publisher, distributor, etc. H.N. Abrams,
Date of publication, distribution, etc. 1987
264 ## - PRODUCTION, PUBLICATION, DISTRIBUTION, MANUFACTURE, AND COPYRIGHT NOTICE
Copyright Date 1987
300 ## - PHYSICAL DESCRIPTION
Extent 696 p. :
Other physical details ill. (some col.) ;
Dimensions 30 cm.
Materials specified books
Type of unit books
336 ## - CONTENT TYPE
Content type term text
Content type code txt
Source rdacontent
Materials specified n
337 ## - MEDIA TYPE
Media type term unmediated
Media type code n
Source rdamedia
338 ## - CARRIER TYPE
Carrier type term volume
Carrier type code nc
Source rdacarrier
Materials specified n
504 ## - BIBLIOGRAPHY, ETC. NOTE
Bibliography, etc. note Includes bibliographical references (p. 669-677) and index.
650 #0 - SUBJECT ADDED ENTRY--TOPICAL TERM
Topical term or geographic name entry element Art, Italian.
9 (RLIN) 15381
650 #0 - SUBJECT ADDED ENTRY--TOPICAL TERM
Topical term or geographic name entry element Art, Renaissance
Geographic subdivision Italy.
9 (RLIN) 15382
700 1# - ADDED ENTRY--PERSONAL NAME
Personal name Wilkins, David G.
9 (RLIN) 15771
906 ## - LOCAL DATA ELEMENT F, LDF (RLIN)
a 7
b cbc
c orignew
d 1
e ocip
f 19
g y-gencatlg
942 ## - ADDED ENTRY ELEMENTS (KOHA)
Source of classification or shelving scheme Library of Congress Classification
Koha item type Books
Edition 4th ed.
Classification part N 6915
Item part .1987 H37
Call number prefix (DAFA-FA)
Holdings
Withdrawn status Lost status Source of classification or shelving scheme Damaged status Not for loan Collection code Home library Current library Shelving location Date acquired Source of acquisition Total Checkouts Full call number Barcode Date last seen Price effective from Koha item type Accession Number
    Library of Congress Classification     Non-fiction Foundation University Library Foundation University Library DoArchitecture & Fine Arts 04/28/2026 Donations   (DAFA-FA) N 6915 .1987 H37 0192026003267 04/28/2026 04/28/2026 Books DAFA-2026267